Praktikum z marketingu
Gespeichert in:
| 1. Verfasser: | |
|---|---|
| Weitere Verfasser: | , , |
| Format: | Buch |
| Sprache: | Slowakisch |
| Veröffentlicht: |
Košice
Technická univerzita v Košiciach
2018
|
| Ausgabe: | 1. vydanie |
| Tags: |
Keine Tags, Fügen Sie das erste Tag hinzu!
|
MARC
| LEADER | 00000nam a2200000 4500 | ||
|---|---|---|---|
| 001 | 0297271 | ||
| 005 | 20250128073352.2 | ||
| 020 | |a 978-80-553-2759-4 | ||
| 041 | 0 | |a slo | |
| 044 | |a SK | ||
| 245 | 1 | 0 | |a Praktikum z marketingu |c Adriana Csíkosová, Mária Janošková ; recenzenti: Katarína Čulková, Ladislav Mixtaj |
| 250 | |a 1. vydanie | ||
| 264 | 1 | |a Košice |b Technická univerzita v Košiciach |c 2018 | |
| 300 | |a 83 s. | ||
| 100 | 1 | |a Csíkosová, Adriana | |
| 700 | 1 | |a Janošková, Mária, 1965- | |
| 700 | 1 | |a Čulková, Katarína | |
| 700 | 1 | |a Mixtaj, Ladislav | |